Administración pública: elaboración de la política en las dependencias gubernamentales

I tiakina i:
Ngā taipitopito rārangi puna kōrero
Hōputu: Pukapuka
Reo:Pāniora
I whakaputaina: Santiago Jurídica de Chile 1900
Ngā marau:
Ngā Tūtohu: Tāpirihia he Tūtohu
Kāore He Tūtohu, Me noho koe te mea tuatahi ki te tūtohu i tēnei pūkete!

MARC

LEADER 00000nam a2200000 a 4500
001 UCS0445
003 CL-VaPUC
008 970426e19000000CL |||||||||||||||||spa|d
082 0 4 |a 351.007  |b ADM  |2 21 
245 1 0 |a Administración pública: elaboración de la política en las dependencias gubernamentales 
300 |a 000 p 
942 |c BK 
945 |d 19970426 00:00:00  |a cmena 
260 |a Santiago  |b Jurídica de Chile  |c 1900 
500 |a Edición condensada por Charles Mundale para uso de los estudiantes 
650 0 |a Gobierno   |9 255508 
650 0 |a Relaciones diplomáticas  |9 381723 
650 0 |a Política internacional  |9 255813 
650 0 |a Derecho administrativo  |9 254851 
650 0 |a Administración pública   |9 255343 
651 0 |a España  |9 254926 
583 |a last modification  |c 19970426 00:00:00  |k Rodrigo Vera 
999 |c 258673  |d 258671 
952 |0 0  |1 0  |4 0  |6 351_007000000000000_ADM_1900  |7 0  |8 A  |9 282935  |a BIBDER  |b BIBDER  |d 2019-11-19  |i 1837516  |o 351.007 ADM 1900  |p 1837516  |r 2023-01-25  |w 2019-11-19  |y BK  |k DER